| 000 | 00516cam a22002171 4500 | ||
|---|---|---|---|
| 001 | sa 68017641 | ||
| 003 | DLC | ||
| 005 | 20260227112704.0 | ||
| 008 | 890711s1968 ii 000 0 hino | ||
| 010 | _asa 68017641 | ||
| 035 | _a(OCoLC)19991139 | ||
| 040 |
_aDLC _cWaU _dDLC |
||
| 042 | _apremarc | ||
| 050 | 0 | 0 |
_aPK2098.K6 _bN3 |
| 100 | 1 |
_aKoushal, Ganga Prasad, _d1923- |
|
| 245 | 1 | 0 | _aNādirā. |
| 260 | _c1968. | ||
| 300 |
_a46 p. _c19 cm. |
||
| 500 | _aIn Hindi. | ||
| 600 | 0 | 0 |
_aAnārkalī, _d-1599 _vDrama. |
| 999 |
_c87848 _d87848 |
||